Sorolla en gran formato (Record no. 11317)

MARC details
000 - LÍDER
campo de control de longitud fija 01110nam a2200241Ia 4500
008 - ELEMENTOS DE DATOS DE LONGITUD FIJA - INFORMACIÓN GENERAL
campo de control de longitud fija 0000001998 ck ad 0000000000spa00
020 ## - INTERNATIONAL STANDARD BOOK NUMBER
International Standard Book Number 9589621333
090 ## - NÚMERO DE LLAMADA DE TIPO LC LOCALMENTE ASIGNADO (OCLC)
Número de clasificación (OCLC) (R) PSP00 S67s1
245 10 - TÍTULO DECLARACIÓN
Título Sorolla en gran formato
Declaración de responsabilidad / edición Martha Segura Narango ; fotografias Alberto Franco Aranda
260 ## - PUBLICACIÓN, DISTRIBUCIÓN
Lugar de publicación Bogotá : Museo Nacional de Colombia
Fecha de publicación 1998
300 ## - DESCRIPCIÓN FÍSICA
Alcance 48 p.
Dimensiones / 29 cm.
500 ## - NOTA GENERAL
Nota general Exposición realizada en Museo Nacional de Colombia, Bogotá, febrero marzo, 1998 \ Incluye biografía del artista \ Proyecto Ganador Programa Apoyos Concertados FGAA 2010
501 ## - Con nota
Con nota Joaquín Sorolla y Bastida / Florencio de SantaAna y Alvarez Osorio Sorolla y Colombia
600 00 - ENTRADA DE SUJETO AÑADIDO - NOMBRE PERSONAL
Nombre de la persona SOROLLA, JOAQUIN, 18631923/
Subdivisión general TRABAJOS PICTORICOS
650 14 - ENTRADA DE SUJETO AÑADIDO - TÉRMINO TÓPICO
Término tópico o elemento de entrada del nombre geográfico ARTE CONTEMPORANEO ESPAÑOL
650 14 - ENTRADA DE SUJETO AÑADIDO - TÉRMINO TÓPICO
Término tópico o elemento de entrada del nombre geográfico ARTISTAS PLASTICOS ESPAÑOLES EXPOSIONES
650 14 - ENTRADA DE SUJETO AÑADIDO - TÉRMINO TÓPICO
Subdivisión general CATALOGOS
650 14 - ENTRADA DE SUJETO AÑADIDO - TÉRMINO TÓPICO
Subdivisión general EXPOSICIONES
650 14 - ENTRADA DE SUJETO AÑADIDO - TÉRMINO TÓPICO
Término tópico o elemento de entrada del nombre geográfico PINTORES ESPAÑOLES
650 14 - ENTRADA DE SUJETO AÑADIDO - TÉRMINO TÓPICO
Término tópico o elemento de entrada del nombre geográfico PINTURA AL OLEO
650 14 - ENTRADA DE SUJETO AÑADIDO - TÉRMINO TÓPICO
Término tópico o elemento de entrada del nombre geográfico PINTURA ESPAÑOLA
700 1# - ENTRADA AGREGADA - NOMBRE PERSONAL
Nombre de la persona Segura Naranjo, Martha \ Franco Aranda, Alberto \ SantaAna y Alvarez Osorio, Florencio de
Holdings
Estado de retirada Pérdida de estatus Estado dañado No para préstamo Código de recogida Ubicación permanente Ubicación actual Ubicación de las estanterías Fecha de adquisición Número de llamada completo Código de barras Fecha de la última vez que se vio Número de copia Precio efectivo desde Tipo de artículo Koha
        General ArtNexus ArtNexus General 06/09/2022 P-SP-00 S67S1 11431 06/09/2022 Ej.1 06/09/2022 Libro

Powered by Koha